[Event "Ghent op 23rd"]
[Site "Ghent"]
[Date "2000.07.??"]
[Round "8"]
[White "Chuchelov, Vladimir"]
[Black "Dorenberg, Gaston"]
[Result "1-0"]
[WhiteElo "2535"]
[BlackElo "2328"]
[Annotator "Chuchelov,V"]
[PlyCount "77"]
[EventDate "2000.07.15"]
[EventType "swiss"]
[EventRounds "9"]
[EventCountry "BEL"]
[SourceTitle "CBM 078"]
[Source "ChessBase"]
[SourceDate "2000.10.18"]
[SourceVersion "1"]
[SourceVersionDate "2000.10.18"]
[SourceQuality "1"]

1. Nf3 Nf6 2. c4 e6 3. Nc3 Bb4 4. Qc2 b6 5. e4 Bb7 (5... Bxc3 6. dxc3 (6. Qxc3
d6 7. d3 O-O 8. Be2 c5) 6... e5 (6... d6 7. e5 dxe5 8. Nxe5 Bb7 9. Bg5) 7. Nxe5
(7. Bd3 d6 8. h3 Nbd7 9. b4 O-O 10. O-O Re8) (7. Bg5 d6 8. O-O-O Nbd7) 7... Qe7
8. Nd3 Qxe4+ 9. Qe2 d6 10. Qxe4+ Nxe4 11. Nf4 Bb7 12. Nd5 Na6 13. f3 Nec5 14.
b4 Ne6 15. Bd3 O-O 16. O-O Rfe8) 6. e5 Ng4 7. d4 c5 8. a3 Bxc3+ (8... Ba5 9. h3
) 9. Qxc3 Qc7 10. h3 Nh6 (10... cxd4 11. Qxd4 Bxf3 12. hxg4 Bb7 13. Bf4 Nc6 14.
Qe3) 11. Bxh6 gxh6 12. d5 exd5 13. cxd5 Bxd5 14. O-O-O Bxf3 (14... Be6 15. Rd6
Nc6 16. Ba6) 15. Qxf3 Nc6 16. Ba6 (16. Qf6) 16... Rd8 (16... O-O 17. Qg4+ Kh8
18. Rxd7 Qxe5 19. Bb7 Qf6 (19... Rg8 20. Qc4 Qg5+ 21. f4 Qxg2 22. Qc3+) 20. Re1
Rad8 21. Bxc6 Qxc6 22. Rxa7) 17. Qf6 O-O (17... Rg8 18. Bc4) (17... Rf8 18. Rd6
Nd4 19. Qxh6 b5 20. Qxh7) 18. f4 Rde8 19. Rd3 Ne7 20. f5 c4 21. Rg3+ Ng6 22.
fxg6 hxg6 23. Qd6 Qxd6 24. exd6 Re5 25. a4 (25. Bxc4 Rc8 26. Rc3 Rec5 27. Bb3
Rxc3+ 28. bxc3 Rxc3+ 29. Kb2 Rg3 30. Rf1 Rxg2+ 31. Kc1 Rg3 32. Bxf7+ Kg7 33.
Be6) (25. Rd1) 25... Ra5 26. Bb5 a6 27. Bxd7 Rd8 28. Bg4 Rxa4 29. Kc2 Rxd6 30.
Rd1 Rxd1 31. Bxd1 Ra5 32. Ra3 Rg5 (32... Rxa3 33. bxa3 Kf8 34. Kc3 b5 35. Bf3
Ke7 36. Bb7 a5 37. Bc6 b4+ 38. axb4 axb4+ 39. Kxb4 Kd6 40. Bf3 Ke5 41. Kxc4 Kf4
42. Kd4) 33. Bf3 a5 34. Ra4 b5 35. Rxa5 Re5 36. Ra8+ Kg7 37. Rd8 b4 38. Rb8 c3
39. b3 1-0

[Event "Pyramiden Franken Cup 2nd"]
[Site "Fuerth"]
[Date "1999.08.28"]
[Round "8"]
[White "Chuchelov, Vladimir"]
[Black "Taimanov, Mark E"]
[Result "1-0"]
[WhiteElo "2535"]
[BlackElo "2407"]
[Annotator "Chuchelov,V"]
[PlyCount "99"]
[EventDate "1999.08.21"]
[EventType "swiss"]
[EventRounds "9"]
[EventCountry "GER"]
[SourceTitle "EXT 2000"]
[Source "ChessBase"]
[SourceDate "1999.11.16"]
[SourceVersion "1"]
[SourceVersionDate "1999.11.16"]
[SourceQuality "1"]

1. Nf3 Nf6 2. c4 e6 3. Nc3 Bb4 4. Qc2 O-O 5. a3 Bxc3 6. Qxc3 d6 7. b4 e5 8. Bb2
a5 9. e3 axb4 10. axb4 Rxa1+ 11. Bxa1 Bg4 12. Be2 $146 (12. d3 Bxf3 13. gxf3
Nc6 14. b5 Ne7 15. d4 $14 {0-1 Ortega,L-Zelcic,R/Montecatini Terme 1997/EXT 99
(32)}) 12... e4 13. Nd4 Bxe2 14. Nxe2 Nc6 15. O-O $14 Ne5 16. Ng3 Qd7 17. d3 $1
(17. d4 Nf3+ $1 (17... Nc6 18. d5 Ne5 19. Qc2 Qg4 20. Bxe5 dxe5 21. Ra1 $16)
18. Kh1 (18. gxf3 Qh3 $1 (18... exf3 19. e4) 19. Nxe4 Nxe4 20. fxe4 Qg4+ $11)
18... Nh4 19. d5 Qg4 $132) 17... Qe6 (17... Nxd3 18. Nxe4) (17... exd3 18. f4
Neg4 19. Qxd3 Re8 20. e4 $16) 18. dxe4 $1 Qxc4 (18... Nxc4 $142 19. b5 Ra8 20.
Rc1 Ne8 $1 $132) 19. Qxc4 Nxc4 20. Bxf6 gxf6 21. Ra1 $1 $16 (21. Nh5 Ra8 $44)
21... Kg7 22. Ra7 $6 (22. Nf5+ Kg6 23. Ra7 (23. b5 Re8 24. Rc1 (24. f3 d5 25.
Rc1 c6) 24... Ra8 25. f3 Ra4) 23... Rb8 24. f3 Ne5 25. b5 Nd3 26. Kf1 Nc5 27.
Ke2 $16) (22. b5 $1 Rc8 23. Nf5+ Kf8 24. Ra7 Rb8 25. f3 $16) 22... Rb8 23. Nf5+
Kf8 24. f3 Ke8 25. Kf2 Kd7 26. b5 Nb6 (26... c6 27. bxc6+ Kxc6 28. g4 Kb6 29.
Ra1 Kc5 30. Ne7 $14) 27. g4 Nc8 28. Ra1 c6 (28... Ne7 29. Nd4) 29. h4 $5 c5 (
29... cxb5 30. Rb1 Ne7 31. Nd4) 30. g5 Ne7 31. Nh6 $5 $138 (31. gxf6 Nxf5 32.
exf5 Rg8 33. e4 $16) 31... Ke6 32. Rd1 Rd8 33. gxf6 Kxf6 $138 (33... Nc8 34. f4
Kxf6 35. e5+ Kg6 36. Ng4 Kf5 37. Kf3 Ke6 38. Nf6 h6 (38... Rh8 39. Ne4 $16) 39.
e4 $16) (33... Ng8 $1 34. Nxg8 $140 Rxg8 35. f4 c4 $132) 34. e5+ $1 Ke6 35.
Rxd6+ Rxd6 36. exd6 Ng6 (36... Nd5 37. d7 Kxd7 38. Nxf7 Nc3 39. b6 Na4 40. Ne5+
Ke6 41. Nc4 Kd5 42. Na5 Nxb6 43. Nxb7 $16) (36... Nc8 37. Nxf7) 37. f4 $1 (37.
h5 Ne5 38. f4 Nc4 39. d7 Kxd7 40. Nxf7 $16) 37... Nh8 (37... Nxh4 $2 38. Kg3 c4
(38... Ng6 39. f5+) 39. Kxh4 c3 40. d7 Kxd7 41. Nxf7 c2 42. Ne5+ Ke6 43. Nd3
$18) (37... Kxd6 38. h5 Ne7 (38... Nh8 39. e4 {->37..Nh8}) 39. Nxf7+ Kd5 40.
Ng5 $1 h6 41. e4+ Kd4 42. f5 $1 Ng8 43. Nh7 Ke5 44. Ke3 $18) 38. h5 $1 {xg6}
Kxd6 39. e4 c4 (39... f6 40. Ke3 Ke7 (40... b6 {xb6} 41. Kd3 Ke7 42. f5 $18 Nf7
$140 (42... Kf8 43. Ng4 Ke7 44. Ne3 Nf7 45. Nd5+ Kd6 46. Nxb6) 43. Ng8+ Kd6 44.
Nxf6) 41. b6 Nf7 42. Nxf7 Kxf7 43. Kd3 Ke7 44. Kc4 Kd6 45. Kb5 $18) 40. Ke3 Kc5
41. e5 $1 Kxb5 $2 (41... Kd5) 42. Kd4 c3 43. Kxc3 Kc5 44. f5 $18 {xh8} Kd5 45.
Ng4 Kc5 46. Kb3 Kb5 47. Ne3 Kc5 48. Kc3 $22 Kb5 49. Kd4 Kc6 50. Kc4 1-0

[Event "Bad Woerishofen op 13th"]
[Site "Bad Woerishofen"]
[Date "1997.??.??"]
[Round "9"]
[White "Gabriel, Christian"]
[Black "Dautov, Rustem"]
[Result "1/2-1/2"]
[WhiteElo "2570"]
[BlackElo "2590"]
[Annotator "Dautov,R"]
[PlyCount "50"]
[EventDate "1997.03.07"]
[EventType "swiss"]
[EventRounds "9"]
[EventCountry "GER"]
[SourceTitle "EXT 2000"]
[Source "ChessBase"]
[SourceDate "1999.11.16"]
[SourceVersion "1"]
[SourceVersionDate "1999.11.16"]
[SourceQuality "1"]

1. Nf3 Nf6 2. c4 e6 3. Nc3 Bb4 4. Qc2 O-O 5. a3 Bxc3 6. Qxc3 b6 7. g3 d5 8. Bg2
Bb7 9. b4 {N} (9. O-O $2 dxc4 10. Qxc4 Ba6 $17) (9. d4 dxc4 10. Qxc4 Bd5 11.
Qc3 Nbd7 $11) (9. cxd5 exd5 (9... Nxd5 10. Qc2 c5 $11) 10. O-O Re8 11. Re1 (11.
e3 $5) 11... c5 12. d4 Ne4 13. Qc2 Nc6 14. dxc5 bxc5 15. b3 (15. Bd2 $5) 15...
Qb6 16. e3 Rab8 $15 {Speelman,J-Seirawan,Y/Saint John (m/3) 1988}) 9... d4 $1
10. Qb2 e5 11. O-O Nbd7 12. d3 Re8 (12... Qc8 $5) 13. e4 (13. Bg5 $6 h6 14.
Bxf6 Nxf6 $15) (13. Re1 Qc8) 13... dxe3 14. Bxe3 (14. fxe3 $2 e4 15. dxe4 Bxe4
$17) 14... Qc8 $1 15. Bg5 (15. d4 exd4 16. Bxd4 Be4 17. Rfe1 c5 18. bxc5 bxc5
19. Bxf6 Nxf6 $11) 15... e4 16. dxe4 Bxe4 17. Rfe1 Qb7 (17... h6 18. Bxf6 Nxf6
19. Ne5 Qf5 20. f4 $11) 18. Qc3 h6 19. Bxf6 (19. Bc1 $1 a5 20. Bb2 axb4 21.
axb4 $11) 19... Nxf6 20. Re2 Bc6 (20... Re6 21. Rae1 Rae8 22. Nh4 $11 {/\Bh3})
(20... a5 21. Rae1 axb4 22. axb4 Rad8 23. Nh4 Bxg2 24. Rxe8+ Rxe8 25. Rxe8+
Nxe8 26. Nxg2 $11) 21. Rae1 Rxe2 22. Rxe2 Rd8 23. Re1 Ne4 $6 (23... a6 24. Nh4
Bxg2 25. Nxg2 Qc6 26. Nf4 (26. f3 Qd6 $15) 26... Ne4 $5 27. Qf3 Rd4 28. c5 bxc5
29. bxc5 $13) 24. Qe3 Nf6 (24... Nd2 $2 25. Nxd2 Bxg2 26. f3 Bh3 27. g4 Rxd2 (
27... h5 28. Qg5 $16) 28. Qxd2 Qxf3 29. Qe2 $14) 25. Qf4 a6 1/2-1/2

[Event "EU-chT (Men) 12th"]
[Site "Batumi"]
[Date "1999.12.05"]
[Round "7.3"]
[White "Dydyshko, Viacheslav"]
[Black "Dautov, Rustem"]
[Result "1/2-1/2"]
[WhiteElo "2521"]
[BlackElo "2597"]
[Annotator "Dautov,R"]
[PlyCount "61"]
[EventDate "1999.11.06"]
[EventType "team-swiss"]
[EventRounds "9"]
[EventCountry "GEO"]
[SourceTitle "CBM 074"]
[Source "ChessBase"]
[SourceDate "2000.02.01"]
[SourceVersion "1"]
[SourceVersionDate "2000.02.01"]
[SourceQuality "1"]
[WhiteTeam "Belarus"]
[BlackTeam "Germany"]
[WhiteTeamCountry "BLR"]
[BlackTeamCountry "GER"]

1. Nf3 Nf6 2. c4 e6 3. Nc3 Bb4 4. Qc2 O-O 5. a3 Bxc3 6. Qxc3 b6 7. g3 Bb7 8.
Bg2 d5 9. cxd5 Nxd5 10. Qc4 $6 {Eine zweifelhafte Neuerung, besser ist das
bewährte 10.Qc2.} c5 11. b3 Nc6 12. Bb2 Re8 13. d3 e5 14. e3 Nd4 $1 15. exd4 ({
Nach} 15. O-O $5 b5 (15... Ne2+ 16. Kh1 Ndc3 17. Bxc3 Bd5 18. Qg4 Nxc3 19. Rfc1
$11) (15... Nxf3+ 16. Bxf3 Qd7 $11) 16. Qxc5 Nxb3 17. Qxb5 Nxa1 18. Bxe5 $1 Qb6
19. Qxb6 axb6 20. Rxa1 {könnte ein ausgeglichenes Endspiel entstehen.}) 15...
exd4+ 16. Kf1 ({Die Flucht des Königs zum Damenflügel ist gefährlich:} 16. Kd2
$2 Qf6 17. Rae1 Nc3 $1 (17... Nc7 18. Bxd4 cxd4 19. Qxc7 Bxf3 20. Rxe8+ Rxe8
21. Re1 $1 $11) 18. Bxc3 Bxf3 19. Bxd4 $8 cxd4 20. Bxf3 Qxf3 21. Qxd4 Red8 $40)
16... Qf6 {Die Hauptdrohung lautet 17...Ne3+ 18.fxe3 Bxf3.} 17. Qc1 $1 (17. Qc2
$2 Re6 $1 {Schwarz verdoppelt die Türme auf der e-Linie und will auf e2
eindringen.} (17... Nc3 $2 {entfernt den Springer zu weit vom Schlüsselfeld e3.
} 18. Ng1 $1 (18. Bxc3 $2 Bxf3 19. Bb2 Re2 20. Qxe2 Bxe2+ 21. Kxe2 Re8+ 22. Be4
Rxe4+ 23. dxe4 d3+ $17) 18... Bxg2+ 19. Kxg2 Qc6+ 20. f3 Nd5 $2 21. Bxd4 $18)
18. Qd2 {/\Qg5} (18. Re1 Rxe1+ 19. Kxe1 Nc3 $1 20. Nh4 Re8+ 21. Kf1 Bxg2+ 22.
Nxg2 Re2 23. Qxe2 Nxe2 24. Kxe2 Qe6+ 25. Kd2 Qxb3 $17) (18. Kg1 Rae8 (18... Nc3
$5) 19. Rf1 Re2 20. Qc1 Nc3 21. Bxc3 Bxf3 22. Bd2 Qc6 23. Bxf3 Qxf3 {Die weiße
Stellung ist trotz der Mehrfigur nicht zu beneiden.}) 18... Rae8 19. Qg5 Re2 $1
{Auch im Endspiel geht der Angriff weiter.} 20. Rb1 (20. Qxf6 Nxf6 21. Bc1 Ng4
22. Be3 Rb2 23. Bd2 Ba6 $1 24. h3 Nf6 $17) (20. Bc1 $2 Qe6 21. Bd2 h6 22. Qh4
Qf5 $19) 20... Ba6 (20... Qe6 $5) 21. Qxf6 Nxf6 $17) (17. Kg1 $2 Re2 $17) (17.
Re1 $2 Rxe1+ 18. Kxe1 Nc3 $17) 17... Ne3+ $4 {Ein schwerwiegender Fehler.} ({
Korrekt war} 17... Qf5 $1 18. Qd1 $1 {scheint mir der beste Zug zu sein, Weiß
deckt zusätzlich den Nf3. Schwarz ist beihah zu einer kommenden
Zugwiederholung gezwungen.} (18. Nh4 $2 {ist eindeutig schwach.} Qxd3+ 19. Kg1
Qxb3 20. Nf5 Re5 $17) (18. Qd2 Nc3 $1 {stellt Weiß vor weitere Probleme.} ({
Nun führt Schwarz} 18... Ne3+ $2 {nur zu Schwierigkeiten:} 19. fxe3 Bxf3 (19...
Rxe3 $2 20. Kg1 Bxf3 21. Rf1 {mit einer unangenehmer Fesselung} Rae8 22. Qf2
Re2 23. Qxf3 Qxf3 24. Bxf3 Rxb2 25. Bd5 $16) 20. Re1 $1 Rad8 21. Kg1 Bxg2 22.
Kxg2 {, und Schwarz hat nichts Besseres als} dxe3 23. Rxe3 Rxe3 24. Qxe3 Qd5+
25. Qf3 Qxf3+ 26. Kxf3 Rxd3+ 27. Ke4 Rxb3 28. Bc1 $16) 19. Ng1 $1 (19. Bxc3
dxc3 20. Qf4 Qxd3+ 21. Kg1 c2 $17) 19... Bxg2+ 20. Kxg2 Qd5+ 21. f3 (21. Nf3 $2
Re2 22. Qc1 Rae8 $17 {/\Ree3}) 21... Qxb3 22. Bxc3 dxc3 23. Qa2 $1 (23. Qf2
Rad8 24. Ne2 Qb2 25. Rhe1 h6 $15) 23... Qb5 $1 24. Nh3 (24. Ne2 Qb2 25. Rhe1
Qd2 $1) (24. Qb1 Qxb1 25. Rxb1 Rad8) 24... Qb2+ 25. Qxb2 cxb2 26. Rae1 b5 $15 {
Dieses Endspiel sollte bei genauem weißen Spiel remislich sein.}) 18... Ne3+
19. fxe3 Rxe3 20. Kf2 ({Nach} 20. g4 Qxg4 21. Kf2 (21. Nh4 Qf4+ 22. Kg1 Qxh4
23. Bxb7 Rae8 $17) 21... Rae8 22. Rg1 $1 (22. Re1 Bxf3 23. Bxf3 Qh4+ 24. Kf1
Rxe1+ 25. Qxe1 Rxe1+ 26. Rxe1 g6 $17) 22... Qf4 23. Bc1 Bxf3 24. Bxf3 Qxh2+ 25.
Rg2 Qh4+ 26. Rg3 {hat Schwarz mindestens Dauerschach.}) 20... Rxd3 21. Qe2 (21.
g4 $2 Qe4 22. Re1 Rxd1 23. Rxe4 Rxa1 $17) 21... Re3 22. Qd1 Rd3 $1 $11 {
mit Zugwiederholung.} (22... Rae8 $2 {Schwarz versucht, auf Gewinn zu spielen,
aber der weiße Materialvorteil überwiegt:} 23. Bc1 $1 Rd3 (23... Re2+ 24. Qxe2
Rxe2+ 25. Kxe2 Qc2+ 26. Bd2 $16) 24. g4 $1 Qe4 25. Bd2 $16)) 18. fxe3 Bxf3 19.
Kg1 Bxg2 (19... Qc6 20. e4 $1 $16 {Diese offensichtliche Antwort wurde von mir
übersehen. Irgendwie dachte ich naiv, daß wenn ich mit dem Läufertausch zögere,
Weiß mir entgegenkommen und 20.Bxf3? Qxf3=/+ spielen wird.}) 20. Kxg2 Qc6+ (
20... Qe6 21. e4 Qxb3 22. Qd2 $16) 21. e4 f5 22. Qc4+ Kh8 23. Rhe1 fxe4 24. Kg1
$18 {Die weiße Stellung ist technisch gewonnen, aber es sind noch einige
Hürden zu überwinden.} Qg6 25. dxe4 Rxe4 26. Qf1 Rae8 27. Rad1 h6 28. Rxe4 Qxe4
29. Qf2 Re6 $138 30. Qd2 $4 $138 {Ein grober Fehler bei knapper Zeit.} (30. b4
$1 Rf6 31. Qd2 Re6 32. bxc5 bxc5 33. Rf1 $18) 30... Qf3 $17 31. Re1 {mit
Remisangebot. Ich sah nur 31...Rxe1+ 32.Qxe1 Qxb3 33.Qe8+ mit Ausgleich. Die
Tatsache, daß mein Turm nach 31...Qxb3 gedeckt ist, blieb mir leider in
Zeitnot vollkommen verborgen.} (31. Re1 Qxb3 $17) 1/2-1/2

[Event "WchT 7th"]
[Site "Bursa"]
[Date "2010.01.06"]
[Round "2.2"]
[White "Morozevich, Alexander"]
[Black "Papaioannou, Ioannis"]
[Result "0-1"]
[WhiteElo "2732"]
[BlackElo "2625"]
[Annotator "Ftacnik,L"]
[PlyCount "50"]
[EventDate "2010.01.05"]
[EventType "team-tourn"]
[EventRounds "9"]
[EventCountry "TUR"]
[SourceTitle "CBM 134"]
[Source "ChessBase"]
[SourceDate "2010.01.18"]
[SourceVersion "1"]
[SourceVersionDate "2010.01.18"]
[SourceQuality "1"]
[WhiteTeam "Russia"]
[BlackTeam "Greece"]
[WhiteTeamCountry "RUS"]
[BlackTeamCountry "GRE"]

1. Nf3 Nf6 2. c4 e6 3. Nc3 Bb4 4. g4 {The daring move g2-g4 has found its way
into quite a few openings (the most legendary is the Keres attack in the
Scheveningen Sicilian). Here it changes the character of the fight as White is
deliberately foregoing kingside castling.} O-O 5. g5 Ne8 6. Rg1 $5 {This
seemingly logical move is consequently supporting the g5-pawn and preparing a
kingside attack. On the other hand it costs yet another tempo, White is partly
neglecting his development.} (6. Qc2 d5 (6... Be7 7. h4 b6 8. d4 d5 9. Bf4 dxc4
10. e4 Nc6 11. O-O-O Nb4 12. Qd2 Ba6 13. Ne5 Nd6 14. h5 Nd3+ 15. Bxd3 cxd3 16.
g6 Bf6 17. Nc6 Qe8 18. Nb4 Nc4 19. gxh7+ Kh8 20. Qxd3 Nxb2 21. Qxa6 Nxd1 22.
Rxd1 c5 $13 {0-1 Wallace,J-Nikolic,P/Gold Coast 2000/(39)}) 7. b3 Be7 (7... Nc6
8. Bb2 Be7 9. Rg1 Nb4 10. Qb1 c5 11. h4 b6 12. a3 Nc6 13. Bg2 Bb7 14. Bh1 Nd4
15. Nxd4 cxd4 16. Nd1 e5 $15 {1/2-1/2 Zhukova,N-Lakos,N/Nova Gorica 1999/ (16)}
) 8. Rg1 c5 (8... Nc6 $5 9. Bb2 d4 10. Ne4 e5 $13) 9. e3 Nc6 10. Bd3 f5 11.
gxf6 Nxf6 12. a3 Qe8 13. Bb2 {This version of development is the best that
White can hope for in the 4.g4 line. 1-0 Krasenkow,M-Romanishin,O/Lvov 2000/ 
(36)}) (6. Qb3 c5 7. a3 Ba5 8. Ne4 b6 9. Qe3 d5 10. cxd5 exd5 11. Ng3 Nc6 12.
Bg2 Nc7 13. O-O Bg4 14. Qf4 Bxf3 15. Qxf3 Qxg5 16. d4 Qg6 $15 {1/2-1/2 Huzman,
A-Nikolic,P/Neum 2000/ (23)}) (6. h4 d5 7. Qb3 Nc6 8. cxd5 exd5 9. Qxd5 Qe7 10.
e3 Nd6 11. Qb3 Bxc3 12. Qxc3 Ne4 13. Qc2 Nb4 14. Qb1 Bg4 15. Be2 Rad8 16. d4
Bf5 {0-1 Xu Hanbing-Szabo,Z/Budapest 2000/(17)}) 6... d5 (6... b6 7. Qc2 Bb7 8.
a3 Bxc3 (8... Be7 9. d4 d5 10. cxd5 exd5 11. Bf4 c5 12. O-O-O Nc6 13. e3 c4 14.
e4 Na5 15. Rg3 g6 16. exd5 Ng7 17. Be5 $11 {1-0 Najer,E (2602)-Berg,E (2495)/
Moscow 2004/ (81)}) 9. Qxc3 c5 10. Bg2 d5 11. d3 d4 12. Qc2 Qc7 13. Bd2 Nd7 14.
O-O-O Nd6 15. Bf4 Rfe8 16. Ne5 Bxg2 17. Nxd7 Qxd7 18. Bxd6 Qxd6 19. Rxg2 Rab8
20. Rd2 b5 $15 {0-1 Agrest,E (2591)-Ivanchuk,V (2766)/Sweden 2004/ (34)}) 7.
Qb3 (7. a3 Be7 8. d4 dxc4 9. e4 c5 10. d5 b5 11. Nxb5 exd5 12. Qxd5 Qxd5 13.
exd5 Bb7 14. Bxc4 Nd7 15. Nc3 Nb6 16. Ba2 Nc7 $11 {1/2-1/2 Muse,D (2398)
-Kurajica,B (2534)/Sibenik 2005/ (50)}) 7... c5 $5 {It seems to be quite
dubious to part with the important bishop, supporting it in the centre makes
much more sense.} (7... Bxc3 $6 8. Qxc3 Nd6 (8... Nc6 $5) 9. b3 Ne4 10. Qc2 c5
11. Bb2 (11. d3 Qa5+ 12. Nd2 Nd6 $11 (12... Nxd2 13. Bxd2 $14)) 11... Nc6 12.
a3 b6 13. e3 (13. d3 Nd6) 13... f5 $2 (13... Bb7 14. d3 Nd6 15. O-O-O a5 $132)
14. gxf6 Nxf6 15. cxd5 exd5 (15... Qxd5 16. Ng5 $18) 16. Ng5 $36 d4 (16... Re8
17. Bb5 (17. Nxh7 Ne5 18. Nxf6+ Qxf6 19. O-O-O Bf5 20. d3 $16) 17... Bb7 18.
Bxc6 Bxc6 19. Nxh7 $18) 17. Bg2 Bd7 18. Bxc6 (18. Qc4+ Kh8 19. Bxc6 Bxc6 20.
Nf7+ Rxf7 21. Qxf7 g6 $14) 18... Bxc6 19. Bxd4 $1 $16 cxd4 20. Qxc6 dxe3 21.
fxe3 Rc8 $2 (21... Qe7 22. Qe6+ Qxe6 23. Nxe6 Rf7 24. Rc1 $16) 22. Qe6+ Kh8 23.
Nf7+ Rxf7 24. Qxf7 $18 {1-0 Vaisser,A (2581)-Sokolov,A (2587)/Val d'Isere 2002/
(35)}) (7... Nc6 8. cxd5 exd5 9. Qxd5 (9. Nxd5 Be6 10. e4 Nd6 $17) 9... Nd6 $44
) 8. cxd5 (8. a3 dxc4 9. Qxc4 Nd6 10. Qf4 Ba5 $11) 8... Nd6 (8... Bxc3 9. Qxc3
Qxd5 10. b4 Na6 $13 11. bxc5 Nxc5 12. Ba3 $16) (8... Nc7 9. dxe6 Bxe6 10. Qc2
Nc6 $44) 9. Bh3 {Morozevich is not in the position of accepting the pawn
sacrifice as his development would suffer even more.} (9. Ne5 Re8 10. f4 exd5
11. Nxd5 Be6 12. Bh3 c4 13. Qxb4 Bxd5 $44) 9... Na6 10. g6 {White plays a
courageous concept as now the game will open up and his pieces are still
waiting for the development.} (10. dxe6 c4 11. Qc2 Bxe6 12. Bxe6 fxe6 13. g6 h6
14. a3 Ba5 $13) 10... c4 (10... fxg6 11. dxe6 c4 12. Qc2 Nc7 $13) 11. gxh7+ Kh8
(11... Kxh7 12. Qc2+ f5 13. b3 Qe7 14. Bb2 $16) 12. Qc2 exd5 13. Bxc8 Rxc8 14.
Nxd5 (14. a3 Ba5 15. Nxd5 Re8 $13) 14... Re8 15. Kf1 $6 {The critical moment
of the early middlegame. White badly needs to bring the undeveloped pieces
into the game, but sidesteps with the king instead.} (15. Rg4 Qd7 (15... f5 16.
Rg5 Rc5 17. Nf4 $16) 16. Rh4 (16. Rf4 Qe6 17. Ne3 Nc5 $14) 16... Ba5 $1 17. Ne3
Nb4 18. Qb1 Bd8 19. Rd4 Bf6 $13) (15. Ne3 Nc5 16. Rg4 Nce4 17. b3 $14) 15...
Ne4 16. Ne3 Qd7 17. Ng5 (17. Rg4 $5 f5 18. Rh4 (18. Rf4 Bd6 19. Rxf5 Nb4 20.
Qb1 g6 21. Re5 Qh3+ 22. Ke1 Bxe5 23. Qxe4 Bf6 $15) 18... g5 19. Rh5 Qg7 $13)
17... Nac5 18. Qxc4 (18. f3 $5 Nxg5 19. Rxg5 Qh3+ 20. Rg2 Ne6 21. Qf5 Qxf5 22.
Nxf5 Red8 $11) 18... Nxg5 19. Rxg5 $2 {[%mdl 64] The first player is
displaying confidence, that turns out to be overblown. Grabbing the c4-pawn
was certainly daring, but ignoring the b4-bishop is madness.} (19. Qxb4 $1 Re4
20. Qc3 Nce6 21. Qb3 Re5 $11) 19... Ne4 20. Qb5 (20. Qd5 Qc7 $1 21. Rg3 (21. d3
Qxh2 22. dxe4 Rc5 23. Rh5 Qxh5 24. Qxh5 Rxh5 $17) 21... Re5 22. Qd4 Bc5 $17) (
20. Qxb4 Nxg5 21. Qg4 $1 Qxg4 22. Nxg4 Re4 23. Ne3 Kxh7 24. d3 $15) 20... Rc6
$1 21. Rf5 $6 {Shocked by Papaioannou's excellent answer White had an uneasy
task to find the best way of limiting the damage. The text move flatly loses,
but the culprit is to be found in earlier decisions.} (21. Rh5 g6 22. Re5 (22.
Qxb4 gxh5 23. d3 a5 24. Qxa5 Qh3+ 25. Ke1 Nxf2 26. Kxf2 Rxc1 $19) 22... Kxh7
23. Kg1 (23. Rxe8 Rxc1+ 24. Rxc1 Nxd2+ 25. Kg2 Qxb5 $19) (23. Kg2 Nd6 24. Qd5
Rc5 25. Qxc5 Bxc5 26. Rxc5 Nb5 $17) 23... Nd6 24. Qd5 Rc5 (24... Rxe5 25. Qxe5
Qc8 26. Nd5 Rxc1+ 27. Rxc1 Qxc1+ 28. Kg2 Qc6 29. e4 $15) 25. Qxc5 Bxc5 26. Rxc5
Nf5 $17) (21. Re5 Qh3+ 22. Ke1 Rxe5 23. Qxe5 Qc8 24. Qxe4 Rxc1+ 25. Rxc1 Qxc1+
26. Nd1 Qxd2+ 27. Kf1 Qxd1+ 28. Kg2 Bd6 $19) 21... Nd6 22. Qd3 (22. Qxb4 Nxf5
23. Nxf5 Qxf5 24. d3 Qh3+ 25. Ke1 Qxh2 $19) (22. Qd5 Qc7 23. Rf4 Rxc1+ 24. Rxc1
Qxc1+ 25. Kg2 Qxd2 $19) 22... Rxe3 23. dxe3 Qxf5 {White has never made a move
with part of his queenside.} 24. a3 (24. Qxf5 Nxf5 25. e4 Nd6 $19) 24... Qh3+
25. Kg1 Nf5 0-1

[Event "Interpolis-02"]
[Site "Tilburg"]
[Date "1978.09.03"]
[Round "3"]
[White "Dzindzichashvili, Roman"]
[Black "Browne, Walter Shawn"]
[Result "1/2-1/2"]
[WhiteElo "2550"]
[BlackElo "2550"]
[Annotator "Ftacnik,L"]
[PlyCount "78"]
[EventDate "1978.09.01"]
[EventType "tourn"]
[EventRounds "11"]
[EventCountry "NED"]
[EventCategory "14"]
[SourceTitle "MCL"]
[Source "ChessBase"]
[SourceDate "1999.07.01"]
[SourceVersion "1"]
[SourceVersionDate "1999.07.01"]
[SourceQuality "1"]

1. c4 Nf6 2. Nc3 e6 3. Nf3 b6 4. e4 Bb7 5. d3 (5. Bd3 $5) (5. Qe2 $5) 5... d6 (
5... c5) 6. g3 c5 7. Bg2 Be7 8. O-O a6 9. Ne1 $5 (9. d4 $6 cxd4 10. Nxd4 Qc7) (
9. b3) 9... Nc6 10. f4 O-O 11. g4 $5 Nd7 12. Nf3 e5 13. g5 $5 (13. f5 $6 Nd4
$15) 13... exf4 (13... Nd4 $5 14. Be3 (14. h4 $5)) 14. Bxf4 Nde5 15. Qd2 Nxf3+
16. Rxf3 f6 (16... Ne5 $5) (16... Nd4) 17. g6 $5 (17. Nd5 Nd4 18. Rff1 (18. Rf2
$6 fxg5 19. Nxe7+ Qxe7 20. Bxg5 Rxf2 $1 21. Kxf2 Rf8+ (21... Qf7+ 22. Kg1 Qh5
$5) 22. Kg1 $17) (18. Nxe7+ Qxe7 19. Rff1) 18... Bxd5 $5 19. gxf6 Bxf6 (19...
Be6 $5) (19... Rxf6 $5) 20. exd5 $15 (20. cxd5 $15)) 17... hxg6 18. Bh3 f5 $1 (
18... Bc8 $5) 19. Rg3 Nd4 20. Kh1 (20. Rf1) 20... g5 $1 21. Bxg5 Bxg5 22. Qxg5
Qxg5 23. Rxg5 fxe4 24. dxe4 Rae8 25. Rag1 Rf7 26. Bg2 Rf2 27. Nd5 $1 Bxd5 28.
cxd5 Ne2 29. Rf1 Rxf1+ 30. Bxf1 Rxe4 (30... Nf4 $1 31. Bxa6 (31. e5 $5 Rxe5) (
31. Bg2 Nxg2) 31... Rxe4 $17) 31. Rg6 Nf4 32. Rxd6 Rb4 33. b3 b5 (33... a5 $5)
34. Kg1 Kf7 35. Rxa6 Nxd5 36. Rc6 c4 37. bxc4 Ne3 38. Be2 Nxc4 39. Rc5 Ke7 $10
1/2-1/2